| 000 | 00370nam a22001457a 4500 | ||
|---|---|---|---|
| 020 | _a81-7141-837-6 | ||
| 082 |
_a370 _bBHA/E |
||
| 100 | _aBHASKARA RAO, DIGUMARTI | ||
| 100 | _aBABU, SRIKANTHA E | ||
| 245 | _aEDUCATIONAL INTERESTS OF SCHOOL STUDENTS | ||
| 260 |
_aDELHI _bDISCOVERY PUBLISHING HOUSE _c2005 |
||
| 300 | _a75 | ||
| 650 |
_aEDUCATIONAL _zINDIA |
||
| 942 | _cBK | ||
| 999 |
_c5462 _d5462 |
||